| 000 | 00922nam a2200253 i 4500 | ||
|---|---|---|---|
| 003 | IT-RoINE | ||
| 005 | 20221201135036.0 | ||
| 008 | 970313s1995 sp | r ||1 ||cat d | ||
| 020 | _a8460091295 | ||
| 040 |
_aSpMaBN _cSpMaBN IT-RoINE _dIT-RoINE |
||
| 100 | 1 |
_aMarquès, Josep M., _d1939-2007 _95404 |
|
| 245 | 1 | 0 |
_aEscriptures de Santa Maria de Vilabertran (968-1300) / _cedició i regesta a càrrec de Josep M. Marquès. |
| 260 |
_aFigueres : _bInstitut d'Estudis Empordanesos, _cD.L. 1995. |
||
| 300 |
_aLII, 404 p. ; _c22 cm. |
||
| 336 |
_2rdacontent _atext |
||
| 337 |
_2rdamedia _aunmediated |
||
| 338 |
_2rdacarrier _avolume |
||
| 490 | 1 |
_aMonografies empordaneses ; _v1 |
|
| 500 | _aIncluye índices. | ||
| 504 | _aIncluye referencias bibliográficas en nota. | ||
| 610 | 2 | 4 |
_aMonasterio de Vilabertrán (Gerona, España) _xHistoria _xFuentes _965915 |
| 830 | 0 |
_aMonografies empordaneses _965916 |
|
| 942 | _cMTS | ||
| 999 |
_c33472 _d33472 |
||